000 00664nam a2200265Ia 4500
001 49826
005 20240114004007.0
007 ta
008 090601s2008 g b000 u Ass u
040 _aCotton College,Assam
041 _aAss
082 _a891.4109
_bDEK
100 _aDeka, Naba .
245 0 _aBish Basar /
_cNaba Deka.
_hTextual Documents
250 _a1st ed. /
260 _aGuwahati :
_bPurbachal Prakash ,
_c2008.
300 _a72p. ;
_c22 cm..
653 _aG-Assamese
653 _aAssamese Literature
653 _aT/G-Assamese
942 _2ddc
_cBK
999 _c49791
_d49791